000 00620nam a2200181Ia 4500
008 090630s9999 xx 000 0 und d
082 _b17202
100 _aजोशी ह. न.
245 _aश्रीक्षेत्र औदुंबर.
_cजोशी ह. न.
260 _bदिलीपराज- पुणे.
300 _a0
600 _aजोशी ह. न.
630 _aश्रीक्षेत्र औदुंबर.
655 _aबालवाङमय.
700 _aजोशी ह. न.
730 _aश्रीक्षेत्र औदुंबर.
942 _cBOOK
999 _c269058
_d269058